Ghana : Joint Staff Assessment of the Poverty Reduction Strategy Paper Annual Progress Report.

The Joint Staff Assessment (JSA) of the Poverty Reduction Strategy Paper Annual Progress Report on Ghana evaluates the strengths and weaknesses of poverty reduction objectives and strategies. The 2003 Annual Progress Report (APR) of the authorities' poverty reduction strategy provides a review...

Ausführliche Beschreibung

Bibliographische Detailangaben
Körperschaft: International Monetary Fund
Format: Zeitschrift
Sprache:English
Veröffentlicht: Washington, D.C. : International Monetary Fund, 2004.
Schriftenreihe:IMF Staff Country Reports; Country Report ; No. 2004/208
Online Zugang:Full text available on IMF
LEADER 01631cas a2200241 a 4500
001 AALejournalIMF003124
008 230101c9999 xx r poo 0 0eng d
020 |c 5.00 USD 
020 |z 9781451814859 
022 |a 1934-7685 
040 |a BD-DhAAL  |c BD-DhAAL 
110 2 |a International Monetary Fund. 
245 1 0 |a Ghana :   |b Joint Staff Assessment of the Poverty Reduction Strategy Paper Annual Progress Report. 
264 1 |a Washington, D.C. :  |b International Monetary Fund,  |c 2004. 
300 |a 1 online resource (11 pages) 
490 1 |a IMF Staff Country Reports 
500 |a <strong>Off-Campus Access:</strong> No User ID or Password Required 
500 |a <strong>On-Campus Access:</strong> No User ID or Password Required 
506 |a Electronic access restricted to authorized BRAC University faculty, staff and students 
520 3 |a The Joint Staff Assessment (JSA) of the Poverty Reduction Strategy Paper Annual Progress Report on Ghana evaluates the strengths and weaknesses of poverty reduction objectives and strategies. The 2003 Annual Progress Report (APR) of the authorities' poverty reduction strategy provides a review of recent developments and outcomes under the first year of implementation. Structural reform in certain sectors, such as power and education, contributes toward the achievement of the goal of eliminating gender disparity in access to primary education. 
538 |a Mode of access: Internet 
830 0 |a IMF Staff Country Reports; Country Report ;  |v No. 2004/208 
856 4 0 |z Full text available on IMF  |u http://elibrary.imf.org/view/journals/002/2004/208/002.2004.issue-208-en.xml  |z IMF e-Library